00371pab a2200133 454500008004000000100002000040245008600060260000900146300001400155362000800169650001100177700002000188773002900208180718b2008 xxu||||| |||| 00| 0 eng d aKyle, Albert S. aPrice manipulation in financial markets: how to define illegal price manipulation c2008 ap.274-79. aMay aPrices aViswanathan, S. aAmerican Economic Review